00976nam a2200277 i 4500001001000000003000900010005001700019007000300036008004100039020001500080040003000095082003100125100003200156245006400188250001200252264004200264300005600306336002700362337003300389338002800422600006200450650007600512650002900588651005000617700003100667000020159DO-SdBNP20260305073956.0ta100726s2004 dr ac 001 sdspa d z9993476897 aDO-SdBNPbspacBNPHUerda 4a320.97293bF363d, 20042221 aFernández, Leonel,d1953-10aDiscursos /cLeonel Fernández ; editor, Rafael Núñez. a2ª ed. aSanto Domingo :bAlfa y Omega,c2004. a4 volúmenes :bilustraciones y retratos ;c23 cm. 2rdacontentatextobtxt 2rdamediaasin mediaciónbn 2rdacarrieravolumenbnc14aFernandez, Leonel, d1953-,xEnsayos, conferencias, etc.  4aRepública dominicanaxPresidente(1996-1986: leonel fernández reyna) 4aDiscursos presidenciales 0aRepública DominicanaxPolítica y gobierno1 aNúñez, Rafael,eeditor